|
|
|
|
| LEADER |
01514nam a2200337 a 4500 |
| 001 |
13661458 |
| 008 |
100209s2002 ii a b 001 0 eng d |
| 010 |
|
|
|a 2004274809
|
| 020 |
|
|
|a 8178291711
|
| 020 |
|
|
|a 0855984880
|
| 040 |
|
|
|a UKM
|c UKM
|d NTE
|d OCLCQ
|d DLC
|d DB-DhAAL
|
| 082 |
0 |
4 |
|a 332.28
|2 21
|
| 100 |
1 |
|
|a Fisher, Thomas.
|
| 245 |
1 |
0 |
|a Beyond micro-credit :
|b putting development back into micro-finance /
|c Thomas Fisher and M.S. Sriram with contributions from Malcolm Harper ... [et al.].
|
| 260 |
|
|
|a New Delhi :
|b Vistaar Publications ;
|a Oxford :
|b Oxfam,
|c 2002.
|
| 300 |
|
|
|a 390 p. :
|b ill. ;
|c 22 cm.
|
| 500 |
|
|
|a "Published in association with New Economics Foundation, London."
|
| 504 |
|
|
|a Includes bibliographical references (p. [372]-379) and index.
|
| 541 |
1 |
|
|e 00013171
|
| 650 |
|
0 |
|a Microfinance
|z India.
|
| 650 |
|
0 |
|a Microfinance.
|
| 650 |
|
0 |
|a Economic development projects
|z India.
|
| 650 |
|
0 |
|a Economic development.
|
| 700 |
1 |
|
|a Sriram, M. S.
|
| 700 |
1 |
|
|a Harper, Malcolm,
|d 1935-
|
| 710 |
2 |
|
|a Oxfam.
|
| 710 |
2 |
|
|a New Economics Foundation.
|
| 852 |
4 |
|
|a Ayesha Abed Library
|j General Shelf.
|
| 999 |
|
|
|c 7397
|d 7397
|
| 952 |
|
|
|0 0
|1 0
|2 ddc
|4 0
|6 332_280000000000000_FIS
|7 0
|9 7908
|a BRACUL
|b BRACUL
|c GEN
|d 2010-02-09
|l 0
|o 332.28 FIS
|p 3010013171
|r 2010-02-09
|t 1
|w 2010-02-09
|y BK
|x Price not available in Register
|
| 952 |
|
|
|0 0
|1 0
|2 ddc
|4 0
|6 332_280000000000000_FIS
|7 0
|9 7909
|a BRACUL
|b BRACUL
|c GEN
|d 2010-02-09
|l 0
|o 332.28 FIS
|p 3010013190
|r 2010-02-09
|t 2
|w 2010-02-09
|y BK
|x Price not available in Register
|